Oxford student's dictionary of English

Đã lưu trong:
书目详细资料
格式: 图书
语言:Undetermined
出版: Oxford, New York Oxford Univ. Press 2001
主题:
标签: 添加标签
没有标签, 成为第一个标记此记录!
Thư viện lưu trữ: Trung tâm Học liệu Trường Đại học Cần Thơ
LEADER 00459nam a2200169Ia 4500
001 CTU_79774
008 210402s9999 xx 000 0 und d
082 |a 423 
082 |b O.98 
245 0 |a Oxford student's dictionary of English 
260 |a Oxford, New York 
260 |b Oxford Univ. Press 
260 |c 2001 
650 |a English language 
650 |x Dictionaries 
904 |i Năm,Hải 
980 |a Trung tâm Học liệu Trường Đại học Cần Thơ